| 000 | 00845cam a2200253I 4500 | ||
|---|---|---|---|
| 001 | 23624 | ||
| 003 | BD-RjUL | ||
| 005 | 20211209000942.0 | ||
| 008 | 140311s1943 ctuacf 00110aengmc | ||
| 035 | _a(BD-RjUL)23689 | ||
| 040 |
_aYale Univ. Library _cCSU _dSER _dm.c. _dBOS _dBD-RjUL _beng |
||
| 041 | _aeng | ||
| 082 |
_a378.198795097468 _bCRC 1943 |
||
| 090 |
_aF100.C7 _bF43 |
||
| 100 | 1 |
_aCross, Wilbur L. _q(Wilbur Lucius), _d1862-1948. _972707 |
|
| 245 | 1 | 0 |
_aConnecticut Yankee : _ban autobiography / _c[by] Wilbur L. Cross. |
| 260 |
_aNew Haven : _bYale University Press, _c1943. |
||
| 300 |
_aviii, 428 p. : _bfront., illus., plates, ports ; _c25 cm. |
||
| 504 | _aIncludes index. | ||
| 610 | 2 | 0 |
_aYale University. _972713 |
| 651 | 0 |
_aConnecticut _xPolitics and government _y1865-1950. _972709 |
|
| 942 |
_2ddc _cBK |
||
| 999 |
_c23624 _d23624 |
||